000
00319 a2200157 4500
001
72141
020
_a
040
_c
Anchieta - Colégio São Paulo
100
_a
Rocha, Kátia
240
1
0
_a
Lua
_l
por
245
1
0
_a
Lua
300
_a
[14p.]
362
0
_a
2002
650
4
_a
Literatura infanto-juvenil
942
_c
BK
999
_c
72141
_d
72141